| 000 | 00623nam a2200193 a 4500 | ||
|---|---|---|---|
| 005 | 20150417143741.0 | ||
| 008 | 960221s1955 dcuabcdjdbkoqu001 0deng d | ||
| 020 | _a014309968X | ||
| 080 |
_aF _bERA/T CL |
||
| 100 |
_aEraly, Abraham _921318 |
||
| 245 | _aTales once told : legends of Kerala adapted from Kottarathil Sankunni's eithihyamala | ||
| 260 |
_aNew Delhi _bPenguin Books India _c2006 |
||
| 300 | _aviii, 200p | ||
| 500 | _a | ||
| 653 |
_aFiction- English literature _aFolk tales- Malayalam literature _aFolk tales- English literature |
||
| 700 |
_aSankunni, Kottarathil _921313 |
||
| 942 | _cCC | ||
| 003 | ViArRB | ||
| 999 |
_c52436 _d52435 |
||